| 000 | 00481nam a2200181Ia 4500 | ||
|---|---|---|---|
| 008 | 180921t1995 xxu||||| |||| 00| 0 sin d | ||
| 041 | _asin | ||
| 080 |
_a5 _bAPO |
||
| 100 |
_aPunchi Banda G.P. _eed. |
||
| 245 | _aවිද්යාත්මක හේතු | ||
| 246 | _aVidyaathmaka hethu | ||
| 260 |
_bMalpiyali _aDankotuwa _c1995 |
||
| 300 | _a156p., 21 cm | ||
| 650 | _aScientific reason | ||
| 942 | _cBK | ||
| 999 |
_c15062 _d15062 |
||
| 003 | LK-CoDNM | ||
| 040 |
_aLK-CoDNM _dLK-CoDNM _eLK-CoDNM |
||